000 00675nam a22002297a 4500
003 UA-OsUOA
001 52401
007 ta
008 20150604b un ||||| |||| 00| 0 ukr d
090 _a09-94(477).07
942 _cBK
040 _aUA-OsUOA
_bukr
_cUA-OsUOA
_dUA-OsUOA
245 _a30 років Радянської України. Матеріяли і документи
300 _a266 с.
955 _a1
041 _aukr
080 _a09-94(477).07
260 _aК.
_c1949
650 7 _a0 Загальний відділ.
_2UDC
999 _c432527
_d432527